Guess the country based on their endonym - Statistics

General Stats
  • This quiz has been taken 74 times
  • The average score is 20 of 24
Answer Stats
Hint Answer % Correct
Bielaruś Belarus
100%
Deutschland Germany
100%
Italia Italy
100%
Nederland Netherlands
100%
España Spain
100%
Civitas Vaticana Vatican City
96%
Al-Yaman Yemen
96%
Österreich Austria
94%
Kypros Cyprus
94%
Al-Baḥrayn Bahrain
91%
Sverige Sweden
90%
Nihon/Nippon Japan
89%
Zhōngguó China
84%
Lietuva Lithuania
84%
Suomi Finland
83%
Éire Ireland
83%
Lubnān Lebanon
81%
Suriyah Syria
81%
Magyarország Hungary
80%
Misr/Masr Egypt
70%
Ellada Greece
64%
Bhārôt India
54%
Hanguk South Korea
50%
Al-’Urdun Jordan
43%
No matching quizzes found
Score Distribution
Percent of People with Each Score
Percentile by Number Answered
Your Score History
You have not taken this quiz